Chasse à la souris ! - Pays - Statistiques

Statistiques générales
  • Ce quiz a été pris 126 141 fois
  • Le résultat moyen est 6 sur 10
Réponses sur la Carte
Les réponses sont colorées sur une échelle allant du rouge au vert en fonction du pourcentage des utilisateurs qui les ont devinées à leur premier essai. Vous pouvez retrouver ces pourcentages ci-dessous.
 
Statistiques - réponses
Pays % Correct
Brésil
98%
Canada
98%
États-Unis
98%
France
98%
Chine
97%
Russie
97%
Australie
95%
Argentine
94%
Mexique
94%
Espagne
92%
Inde
92%
Algérie
91%
Allemagne
91%
Afrique du Sud
89%
Italie
89%
Royaume-Uni
87%
Ukraine
86%
Chili
85%
République Démocratique du Congo
85%
Suède
85%
Indonésie
84%
Colombie
83%
Pérou
83%
Turquie
82%
Maroc
81%
Arabie Saoudite
80%
Égypte
80%
Norvège
80%
Pologne
80%
Danemark
79%
Finlande
79%
Kazakhstan
78%
Roumanie
77%
Bolivie
76%
Grèce
76%
Japon
76%
Venezuela
76%
Iran
75%
Libye
75%
Mali
73%
Mongolie
73%
Madagascar
72%
Portugal
72%
Autriche
71%
Irlande
71%
Thaïlande
71%
Biélorussie
70%
Pakistan
70%
Paraguay
70%
Nouvelle-Zélande
69%
Soudan
69%
Viêt Nam
67%
Croatie
66%
Mauritanie
65%
Éthiopie
64%
Irak
64%
Niger
64%
Uruguay
64%
Guyana
62%
Serbie
62%
Hongrie
61%
Nigeria
61%
Cuba
60%
Laos
60%
Suisse
60%
Bulgarie
59%
Lituanie
59%
République Tchèque
59%
Tchad
59%
Afghanistan
58%
Birmanie
58%
Équateur
58%
Panama
58%
Somalie
58%
Suriname
58%
Angola
57%
Islande
57%
Lettonie
57%
Ouzbékistan
57%
Sénégal
57%
Syrie
57%
Yémen
57%
Corée du Sud
56%
Honduras
56%
Mozambique
56%
Namibie
56%
Nicaragua
56%
Philippines
56%
Corée du Nord
55%
Malaisie
55%
Tanzanie
55%
Bosnie-Herzégovine
54%
Côte d'Ivoire
54%
Guatemala
53%
Papouasie-Nouvelle-Guinée
53%
Turkménistan
53%
Macédoine du Nord
52%
Oman
52%
Soudan du Sud
51%
Zimbabwe
51%
Bahamas
50%
Botswana
50%
Guinée
50%
Kenya
50%
République Centrafricaine
50%
République du Congo
50%
Zambie
50%
Cameroun
49%
Népal
49%
Pays-Bas
49%
Estonie
48%
Cambodge
47%
Cap-Vert
46%
Ghana
46%
Slovaquie
46%
Belgique
45%
Jordanie
45%
République Dominicaine
45%
Tunisie
45%
Fidji
44%
Gabon
44%
États Fédérés de Micronésie
43%
Kirghizistan
42%
Kiribati
42%
Costa Rica
41%
Tadjikistan
41%
Bangladesh
40%
Comores
40%
Maurice
40%
Bénin
39%
Slovénie
39%
Albanie
38%
Émirats Arabes Unis
38%
Îles Salomon
38%
Seychelles
37%
Îles Marshall
36%
Kosovo
36%
Lesotho
36%
Maldives
36%
Togo
36%
Burkina Faso
35%
Tonga
35%
Tuvalu
35%
Vanuatu
35%
Israël
34%
Malte
34%
Haïti
33%
Moldavie
33%
Monténégro
33%
Sao Tomé-et-Principe
33%
Sierra Leone
33%
Géorgie
32%
Samoa
32%
Azerbaïdjan
31%
Ouganda
31%
Bhoutan
30%
Érythrée
30%
Palaos
30%
Liberia
29%
Belize
25%
Chypre
25%
Nauru
25%
Sri Lanka
25%
Arménie
24%
Eswatini
24%
Qatar
24%
Taïwan
23%
Guinée-Bissau
22%
Liban
21%
Rwanda
21%
Salvador
21%
Guinée Équatoriale
20%
Jamaïque
19%
Malawi
19%
Burundi
16%
Koweït
16%
Luxembourg
15%
Djibouti
13%
Gambie
12%
Timor Oriental
5%
Trinité-et-Tobago
5%
Brunei
4%
Aucun quiz correspondant
Distribution des résultats
% des personnes avec chaque résultat
Percentile par nombre de réponses
Votre historique - résultats
Vous n’avez pas pris ce quiz